Analytic computational complexity / (Record no. 157493)

MARC details
000 -LEADER
fixed length control field 01128nam a2200277 a 4500
008 - FIXED-LENGTH DATA ELEMENTS--GENERAL INFORMATION
fixed length control field
020 ## - INTERNATIONAL STANDARD BOOK NUMBER
International Standard Book Number 0126975604 (hbk. )
049 ## - LOCAL HOLDINGS (OCLC)
Holding library MAIN
090 01 - LOCALLY ASSIGNED LC-TYPE CALL NUMBER (OCLC); LOCAL CALL NUMBER (RLIN)
Classification number (OCLC) (R) ; Classification number, CALL (RLIN) (NR) QA297
Local cutter number (OCLC) ; Book number/undivided call number, CALL (RLIN) ANA
003 - CONTROL NUMBER IDENTIFIER
control field
005 - DATE AND TIME OF LATEST TRANSACTION
control field 20230123133943.0
040 ## - CATALOGING SOURCE
Transcribing agency NUST
111 2# - MAIN ENTRY--MEETING NAME
Meeting name or jurisdiction name as entry element Symposium on Analytic Computational Complexity,(
Date of meeting or treaty signing 1975 :
Location of meeting Carnegie-Mellon University)
245 10 - TITLE STATEMENT
Title Analytic computational complexity /
Statement of responsibility, etc. edited by J. F. Traub.
260 ## - PUBLICATION, DISTRIBUTION, ETC.
Place of publication, distribution, etc. New York :
Name of publisher, distributor, etc. Academic Press ,
Date of publication, distribution, etc. 1976.
300 ## - PHYSICAL DESCRIPTION
Extent ix, 239 p. ;
Dimensions 24 cm.
500 ## - GENERAL NOTE
General note Includes index.
500 ## - GENERAL NOTE
General note "Proceedings of the Symposium on Analytic Computational Complexity, held by the Computer Science Department, Carnegie-Mellon University, Pittsburgh, Pennsylvania, on April 7-8, 1975."
504 ## - BIBLIOGRAPHY, ETC. NOTE
Bibliography, etc. note Includes bibliographical references.
650 #0 - SUBJECT ADDED ENTRY--TOPICAL TERM
Topical term or geographic name entry element Numerical analysis
General subdivision Data processing
Form subdivision Congresses.
650 #0 - SUBJECT ADDED ENTRY--TOPICAL TERM
Topical term or geographic name entry element Computational complexity
Form subdivision Congresses.
700 1# - ADDED ENTRY--PERSONAL NAME
Personal name Traub, J. F.
Fuller form of name (Joseph Frederick)
710 2# - ADDED ENTRY--CORPORATE NAME
Corporate name or jurisdiction name as entry element Carnegie-Mellon University.
Subordinate unit Computer Science Dept.
907 ## - LOCAL DATA ELEMENT G, LDG (RLIN)
a .b10157554
b 08-05-12
c 07-03-05
942 ## - ADDED ENTRY ELEMENTS (KOHA)
Koha item type Ordinary Loan Books
Call number prefix QA297
Call number suffix ANA
Holdings
Date last seen Total Checkouts Full call number Barcode Cost, replacement price Price effective from Koha item type Lost status Source of classification or shelving scheme Damaged status Not for loan Collection Withdrawn status Home library Current library Shelving location Date acquired Cost, normal purchase price
01/23/2023   QA297 ANA 92003035458 80.00 01/23/2023 BOOKS   LCC     NFIC   MAIN MAIN GEN 01/23/2023 80.00